| 000 | 01518cam a2200361 a 4500 | ||
|---|---|---|---|
| 001 | 13557977 | ||
| 003 | PILC | ||
| 005 | 20150506154900.0 | ||
| 008 | 031209s2001 bg bf 001 0 eng | ||
| 010 | _a 2003328444 | ||
| 020 | _a9291371734 | ||
| 025 | _aB-E-2003-328444; 22 | ||
| 035 | _a(DLC) 2003328444 | ||
| 037 |
_bLibrary of Congress -- New Delhi Overseas Office _cTk500.00 ($10.00 U.S.) |
||
| 040 |
_aDLC _cDLC |
||
| 042 | _alcode | ||
| 043 | _aa-bg--- | ||
| 050 | 0 | 0 |
_aHF 5548.32 _b.Se446 2000 |
| 245 | 0 | 0 |
_aSecrets of electronic commerce : _ba guide for small and medium sized enterprises. |
| 260 |
_aSwitzerland : _bInternational Trade Center, _c2000. |
||
| 300 |
_ax, 321 pages : _c31 cm. _billustrations ; |
||
| 490 | 1 | _a[Trade secrets series / International Trade Centre] | |
| 500 | _aIncludes bibliographical references and index. Series statement on cover. | ||
| 520 | _aHandbook on electronic commerce and its validity; a study by Dacca Chamber of Commerce & Industry under a joint agreement with the International Trade Centre UNCTAD/WTO; with partial reference to Bangladesh. | ||
| 650 | 0 |
_aElectronic commerce _vHandbooks, manuals, etc. |
|
| 650 | 0 |
_aElectronic commerce _zBangladesh _vHandbooks, manuals, etc. |
|
| 710 | 2 | _aPhilippine Trade Training Center. | |
| 710 | 2 | _aInternational Trade Centre UNCTAD CNUCED/ WTO OMC. | |
| 830 | 0 | _aTrade secrets series. | |
| 906 |
_a7 _bcbc _corigode _d3 _encip _f20 _gy-gencatlg |
||
| 942 |
_2lcc _cBK |
||
| 999 |
_c283867 _d283867 |
||